000 01106nam a22003257a 4500
001 BR8701437
003 BR-BrBNA
005 20230928092416.0
007 ta
008 230509b bl.||||| |||| 00| 0 por d
040 _aBR-BrBNA
_bpor
_cBiblioteca Nacional de Agricultura
041 _a(Por)
072 _aF01; F30; A50
_b0336
_b/G514
090 _ 0336 BR8701437
100 1 _aEspindola, E.A.
100 1 _aScherer, E.E.
110 1 _aEmpresa Catarinense de Pesquisa Agropecuaria S.A., Chapeco, SC (Brasil). Estacao Experimental de Chapeco
111 1 _a8. Reuniao de Pesquisa de Soja da Regiao Sul
_cCruz Alta, RS (Brazil)
_d18-22 Aug 1980
245 1 _aSoja: resultados de pesquisa obtidos em Santa Catarina - ano agricola/1979/1980 [Brasil]
260 3 _aChapeco, SC (Brasil):
_c1980.
300 _a17 p.
500 _a11 tables. (*) Documento disponível na(o) CEAGRI, Florianopolis, SC (Brazil)
650 _aLINHAGEM
650 _aSOJA
650 _aPESQUISA AGRICOLA
650 _aVARIEDADE
650 _aSANTA CATARINA
909 _a202309
_bLucia
_c55
_dLucia Elande
942 _cBK
999 _c38882
_d38882